000 00584nam a2200229Ia 4500
003 OSt
005 20220923230738.0
006 a|||||r|||| 00| 0
007 ta
008 Pun
024 _a305,242
037 _cTextual
040 _aARTS
_cARTS
_bPun
041 _2Pun
_aPun
082 _aQ8441:33I69, 153K6
100 _aਕਾਲਾ ਸਿੰਘ
245 0 _aਗੁਰੂ ਨਾਨਕ ਨਿਰੰਕਾਰੀ
260 _c1966
650 _aਧਰਮ
942 _hQ8441:33I69, 153K6
_cTEXL
_2CC
999 _c387045
_d387045